000
00359nam a2200133Ia 4500
001
IA_
002
MATEMATICAS AVANZADAS PARA INGENIERiA
008
220117s xx 000 0 und d
010
_a
180370
700
_a
Piña García, Rodolfo
_9
137897
700
_a
Villagómez Velázquez, Hugo
_9
149620
942
_c
517.38 K74 2000
999
_c
180370
_d
180370